Colección diplomática de la abadía de Santa María de Benevivere (Palencia) (Record no. 184569)

MARC details
000 -LEADER
campo de control de longitud fija 00582nam a2200157 i 4500
001 - NÚMERO DE CONTROL
campo de control 184569
003 - IDENTIFICADOR DE NÚMERO DE CONTROL
campo de control ES-MaACL
005 - FECHA Y HORA DE LA ÚLTIMA TRANSACCIÓN
campo de control 20230906222228.0
008 - DATOS DE LONGITUD FIJA--INFORMACIÓN GENERAL
campo de control de longitud fija 151022s1967 sp |||| | spa d
245 00 - MENCIÓN DEL TÍTULO
Título Colección diplomática de la abadía de Santa María de Benevivere (Palencia)
Resto del título : 1020-1561 /
Mención de responsabilidad, etc. por Luis Fernández.
260 ## - PUBLICACIÓN, DISTRIBUCIÓN, ETC.
Lugar de publicación, distribución, etc. Madrid :
Nombre del editor, distribuidor, etc. s.n.,
Fecha de publicación, distribución, etc. 1967 (
Fabricante Escuela Gráfica Salesiana)
300 ## - DESCRIPCIÓN FÍSICA
Extensión 84 p. ;
Dimensiones 24 cm.
610 24 - PUNTO DE ACCESO ADICIONAL DE MATERIA--NOMBRE DE ENTIDAD CORPORATIVA
Nombre de entidad corporativa o nombre de jurisdicción como elemento de entrada Abadía de Santa María de Benevivere-
Subdivisión de forma Historia-
-- Fuentes.
9 (RLIN) 157984
700 0# - ENTRADA AGREGADA--NOMBRE PERSONAL
Nombre de persona Fernández Martín, Luis.
9 (RLIN) 49898
852 ## - LOCALIZACIÓN
Ubicación ES-MaACL
Número de control de estantería L-3313
Holdings
Estatus retirado Estado de pérdida Estado de daño No para préstamo Biblioteca de origen Biblioteca actual Ubicación en estantería Fecha de adquisición Fuente de adquisición Total de préstamos Signatura topográfica completa Código de barras Visto por última vez Precio de reemplazo Tipo de ítem Koha
        Biblioteca del Ateneo de Madrid Biblioteca del Ateneo de Madrid Depósito 2 22/10/2015     L-3313 1194317 23/02/2023 23/02/2023 Libro impreso